| 000 | 00929cam a22002654a 4500 | ||
|---|---|---|---|
| 001 | 2743 | ||
| 005 | 20250813085702.0 | ||
| 020 | _a043928368X | ||
| 040 |
_aDLC _cDLC _dDLC _beng |
||
| 050 | 0 | 0 | _aDT62.M7 |
| 082 | 0 | 0 | _a932 |
| 100 | 1 |
_aStewart, David _d1954- |
|
| 245 | 1 | 0 |
_aYou wouldn't want to be an Egyptian mummy! : _bdisgusting things you'd rather not know / _cwritten by David Stewart ; illustrated by David Antram. |
| 250 | _aFirst Scholastic printing, May 2001 | ||
| 260 |
_aNew York : _bScholastic, _c2001 |
||
| 300 |
_a32 pages : _bcolor illustrations ; _c25 cm. |
||
| 505 | _aZ | ||
| 520 | _aA light-hearted approach to the process of mummification in ancient Egypt. | ||
| 521 |
_a950
_bLexile |
||
| 521 |
_aZ
_bRaz-Plus |
||
| 650 | 0 |
_aMummies _zEgypt _vJuvenile literature. |
|
| 700 | 1 |
_aAntram, David _d1958- _eillustrator |
|
| 906 |
_a7 _bcbc _corignew _d1 _eecip _f20 _gy-gencatlg |
||
| 942 |
_2ddc _cBK _n0 |
||
| 999 |
_c2743 _d2743 |
||